MARC

LEADER 00000nam0a2200000 4500
001 319088
005 20231102003138.0
035 |a (RuTPU)RU\TPU\book\344593 
035 |a RU\TPU\book\170321 
090 |a 319088 
100 |a 20160518d1964 m y0rusy50 ca 
101 0 |a rus 
102 |a RU 
105 |a a j 000zy 
200 1 |a Технология металлов  |e учебник для втузов  |f Н. П. Дубинин [и др.]  |g под ред. Н. П. Дубинина 
210 |a Москва  |c Высшая школа  |d 1964 
215 |a 632 с.  |c ил.  |e 2 л. черт. 
606 1 |a Технология металлов  |2 stltpush  |3 (RuTPU)RU\TPU\subj\60152  |9 77641 
610 1 |a металлы 
610 1 |a свойства 
610 1 |a диаграммы состояний 
610 1 |a металлургия 
610 1 |a чугун 
610 1 |a сталь 
610 1 |a медь 
610 1 |a алюминий 
610 1 |a магний 
610 1 |a литейное производство 
610 1 |a отливки 
610 1 |a изготовление 
610 1 |a стальные отливки 
610 1 |a производство 
610 1 |a литье 
610 1 |a специальные методы 
610 1 |a литые детали 
610 1 |a конструирование 
610 1 |a обработка давлением 
610 1 |a нагрев 
610 1 |a прокатка 
610 1 |a металлорежущие станки 
610 1 |a штамповка 
610 1 |a ковка 
610 1 |a прессование 
610 1 |a волочение 
610 1 |a сварка 
610 1 |a резка 
610 1 |a резание 
610 1 |a неметаллические материалы 
610 1 |a учебные пособия 
610 1 |a черные металлы 
610 1 |a цветные металлы 
610 1 |a литейное производство 
610 1 |a сварочное производство 
610 1 |a методы обработки 
675 |a 621.7/.9(075.8)  |v 3 
701 1 |a Дубинин  |b Н. П.  |g Николай Петрович 
701 1 |a Жевтунов  |b П. П. 
701 1 |a Хренов  |b А. Д. 
701 1 |a Никитин  |b М. С. 
701 1 |a Красавин  |b В. С. 
701 1 |a Гладилин  |b А. Н. 
701 1 |a Сыроегин  |b А. А. 
702 1 |a Дубинин  |b Н. П.  |4 340 
801 1 |a RU  |b 63413507  |c 20090402  |g PSBO 
801 2 |a RU  |b 63413507  |c 20190620  |g RCR 
942 |c BK